Регионална библиотека "Любен Каравелов" - Русе

Духовидец (Запис номер 389972)

MARC детайли
000 -Лидер
Контролно поле с фиксирана дължина nam a22 a 4500
003 - Код на организацията, давaща контролен номер
Контролно поле BLK
005 - Дата и час на последна редакция
Контролно поле 20201012113000.0
008 - Елементи от данни с фиксирана дължина
fixed length control field 201012b bu ||||| |||| 00| 0 bu d
040 ## - Източник на каталожния запис
Идентификатор на билиотеката - собственик на записа BLK
041 ## - Код за език
Код за езика на текст/звукозапис или на отделно заглавие Български
Код за езика КДБФ Български
080 ## - УДК
Текстов определител УДК Немска литература
УДК код - определител по УДК 821.112.2
УДК определител -31
УДК - код + определител 821.112.2-31
100 ## - Редна дума - Автор
R(LIN) 1299
Автор Шилер, Фридрих
Авторска отговорност първи автор
245 ## - Сведения за заглавието
Заглавие Духовидец
Подзаглавни данни Роман в 2 ч.
Редно поле (дума) Ф. Шиллер ; Прев. от Г. Кайтазов
Том Ч. 2.
260 ## - Област на издателските данни
Място на издаване, разпространение и проч. Русе
Година на издаване 1889
Печатница Русе : в. Славянин
300 ## - Физическа характеристика
Страници 23 с.
380 ## - Жанр
Жанр Худож. лит.
490 ## - СЕРИИ (Колекции)
9 (RLIN) 435080
Име на серия Колекция Редки и ценни издания
760 ## - Описание на основната серия
Страници - том 86 с.
Част - том Ч. 2
852 ## - Местоположение
Форматна сигнатура Рб 889
Фондова буква Редки и ценни
999 ## - СИСТЕМНИ КОНТРОЛНИ НОМЕРА
Koha biblionumber 389972
Koha biblioitemnumber 389972
942 ## - АРТИКУЛИ
Вид на библиотечния материал Книги
Скрит в OPAC Не
Периодичен библиозапис Да
944 ## - СЪЗДАВАНЕ И РЕДАКЦИЯ на ЗАПИСА
Създаване/Редакция Създаване
Дата на регистрацията/редакция 2020-10-12
Служител, извършил регистрацията/редакцията ВЙ
Наличности
Код за отписване Код за изгубен артикул Източник на класификационната схема Код за повреда Коз за рестрикции Код за отдаване Артикулен № Име на библиотеката - собственик Име на библиотеката, в която се намира в момента Статус (Текущо местоположение) Дата на вписване в системата Местоположение - отдел Цена в лева Инвентарен номер Систематично азбучна сигнатура Баркод Цена в евро Служебен тип на артикула
  Не е изгубен Universal Decimal Classification Не е повреден само за читалня Специални фондове ( старопечатни, редки и ценни, фонд М. Арнаудов) 803460 Регионална библиотека "Любен Каравелов" Русе Регионална библиотека "Любен Каравелов" Русе Редки и ценни 2020-10-15 Редки и ценни 1.00 378775 Рб 889 120000387775 0.51 Книги
Vip Innovations Ltd, Rousse, Bulgaria 2025